000 00306nam a22001337a 4500
008 181022b xxu||||| |||| 00| 0 eng d
020 _a9780764501296
041 _aeng
080 _23rd
_a004
100 _a28
101 _aSHK
245 _aA Reference for the Rest of Us!
_cRathbone,A
942 _2udc
_cBK
999 _c50393
_d50393